000 00927cam a2200229 4500
008 090401t1987 xxu||||| |||| 00| 0 eng d
020 _a0715385267
035 _a(Sirsi) u15820
041 _aeng
050 _a690.241
100 _aSwindells, David J.
245 _aRestoring period timber-framed houses
260 _aNewton Abbot
_bDavid and Charles
_c1987
300 _a208p. : ill. ; 24cm.
350 _a14.95
520 _aDescribes construction, common defects and restoration of period timber-framed buildings. The first part of the publication examines the anatomy and details of this building type, while the second deals with the cause and effect of structural faults and methods of restoration. Planning, technical matters and local-authority grants are also covered.
650 _aHISTORIC BUILDINGS
650 _aRESTORATION
650 _aTIMBER-FRAME BUILDINGS
942 _n0
948 _c04/03/1997
999 _c87315
_d87315